| 000 | 00985nam a2200301 a 4500 | ||
|---|---|---|---|
| 001 | 58812 | ||
| 003 | BD-RjUL | ||
| 005 | 20211209080647.0 | ||
| 008 | 161220s1973 ilu b 001 0 eng d | ||
| 020 | _a0226546306 | ||
| 020 | _a0226546292 | ||
| 035 | _a(BD-RjUL)58936 | ||
| 040 |
_aCOF _cCOF _dEQO _beng |
||
| 041 | _aeng | ||
| 082 |
_a340.973 _bMUL 1973 |
||
| 090 |
_aKF4162 _b.M82 |
||
| 100 | 1 |
_aMuir, William Ker, _d1931-2015. _9174845 |
|
| 245 | 1 | 0 |
_aLaw and attitude change / _cWilliam K. Muir, Jr. |
| 260 |
_aChicago : _bUniversity of Chicago Press, _c1973 |
||
| 300 |
_ax, 170 p. ; _c21 cm. |
||
| 490 | 0 | _aA phoenix book | |
| 500 | _a"Originally published as Prayer in the public schools." | ||
| 504 | _aIncludes bibliographical references and index. | ||
| 650 | 0 |
_aReligion in the public schools _xLaw and legislation _zUnited States. _9174846 |
|
| 650 | 0 |
_aReligion in the public schools. _9174847 |
|
| 740 | 0 | 0 | _aPrayer in the public schools. |
| 942 |
_2ddc _cBK |
||
| 999 |
_c58812 _d58812 |
||